000 00492nam a2200157 4500
999 _c19767
_d19767
008 240320b ||||| |||| 00| 0 eng d
020 _a0070390770
082 _aDC 808.31
_bL96 1999
100 _aLucke, Margaret
_955048
245 _aSchaum's quick guide to writing great short stories /
_cMargaret Lucke.
260 _aNew York :
_bMcGraw-Hill,
_c©1999.
300 _aix, 160 pages ;
_c21 cm.
500 _aIncludes index.
650 _aShort story
_xTechnique.
_955049
942 _2ddc
_cDC